000 00742cam a22002533a 4500
001 24025
003 PGUSA
005 20140828083519.0
008 071224s2007||||xxu|||||s|||||000 1 eng d
040 _aPGUSA
_beng
042 _adc
050 4 _aPZ
100 1 _aBrazil, Angela,
_d1869-1947
245 1 4 _aThe New Girl at St. Chad's :
_bA Story of School Life
_h[electronic resource] /
_cAngela Brazil
260 _bProject Gutenberg,
_c2007
506 _aPublic domain in the USA.
516 _aElectronic text
653 _aSchools -- Fiction
653 _aGirls -- Juvenile fiction
653 _aEngland -- Juvenile fiction
830 0 _aProject Gutenberg
_v24025
856 4 0 _uhttp://www.gutenberg.org/ebooks/24025
942 _cEB
999 _c253280
_d253280